• 首页
  • 本馆介绍
  • 公告通知
  • 最新文献
  • 馆藏检索
  • 电子资源
  • 读者导购
  • 参考咨询
  • 我的图书馆
  • 登录
  • 详细信息显示
  • 放入我的书架
  • 预约/预借图书
  • 作者相关作品
  • 分类相关作品
  • 丛书相关作品
  • 出版社相关作品

书目信息

  • 表格格式
  • 工作单格式
  • 卡片格式
题名:
希罗多德历史
    
 
作者: 王以铸 , Xenophon 译
分册: 上册  
出版信息: 北京   商务印书馆  1985
页数: 344页
开本: 20cm
丛书名: 汉译世界学术名著丛书
单 册:
中图分类: K545.2
科图分类:
主题词: 历史--古希腊 , 南欧--历史
电子资源:
ISBN:
000 00878nam2 2200313 45
001 0185008423
005 20061115105231.84
010    @dCNY2.30
091    @aCN@b11017.620
100    @a19901008d1985 km y0chiy0121 ea
101 1  @achi@beng
102    @aCN@b110000
105    @ab z 000yy
200 10 @a希罗多德历史@e希拉波斯战争史@Axi luo duo de li shi@f王以铸译@Fwang yi zhu yi@h上册
210    @a北京@c商务印书馆@d1985
215    @a344页@d20cm
225 2  @a汉译世界学术名著丛书
410  0 @120010@a汉译世界学术名著丛书
510 1  @aAnabasis@zeng
517 1  @a希拉波斯战争史@Axi la bo si zhan zheng shi
606    @a历史@y古希腊
606 0  @a南欧@x历史
607    @a古希腊@x历史
690    @aK545.2@v3
701  1 @a王以铸@Awang yi zhu@4译
701 A1 @aXenophon@4著
801  2 @aCN@bNLC@c20061115
801  0 @aCN@bTSSF
905    @a10447@dK545.2@e1:1
    
    希罗多德历史:希拉波斯战争史/王以铸译.上册.-北京:商务印书馆,1985
    344页;20cm.-(汉译世界学术名著丛书)
    
    
    ISBN :CNY2.30
    
●
相关链接 在E读中查询图书 在五车中查询图书 在当当中查询图书 在豆瓣中查询图书


正题名:希罗多德历史     索取号:K545.2/1:1         预约/预借

序号 登录号 条形码 馆藏地/架位号 状态 备注
1 0162484   001395591   第二样本阅览室/ [索取号:K545.2/1:1] 在馆    
欢迎您!
大连网信软件有限公司© 版权所有